Statistics for Music Genre by Artists

Click here to take the quiz!

General Stats

  • This quiz has been taken 182 times
  • The average score is 11 of 21

Answer Stats

HintAnswer% Correct
Ludwig van Beethoven, W.A. Mozart, Joseph HaydnClassical
96%
Tupac, Eminem, Kanye WestHip Hop
94%
Nirvana, Pearl Jam, SoundgardenGrunge
82%
Elvis Presley, Little Richard, Keith RichardsRock 'n' Roll
79%
Iron Maiden, Black Sabbath, SlayerMetal
78%
Aretha Franklin, Ray Charles, Jackson 5Soul
77%
The Ramones, Sex Pistols, The ClashPunk
74%
Miles Davis, Louis Armstrong, Duke EllingtonJazz
73%
Bob Marley, Lee Perry, Jimmy CliffReggae
73%
B.B. King, Muddy Waters, Robert JohnsonBlues
59%
Bob Dylan, Joan Baez, Woody GuthrieFolk
50%
James Brown, Sly Stone, Kool & the GangFunk
47%
Oasis, Blur, The VerveBritpop
46%
Skatalites, Madness, Reel Big FishSka
46%
Talking Heads, The Cure, Joy DivisionNew Wave
43%
Yes, Genesis, RushProg Rock
35%
J.S. Bach, G.F. Händel, Antonio VivaldiBaroque
32%
The Beatles, The Kinks, The WhoBeat
21%
Claude Debussy, Maurice Ravel, Paul DukasImpressionism
10%
2 Unlimited, DJ Bobo, Dr. AlbanEurodance
8%
Wagner, Chopin, SchubertRomanticism
7%

Score Distribution

Percentile by Number Answered

Percent of People with Each Score

Your Score History

You have not taken this quiz